First citizens : (Record no. 104080)

MARC details
000 -LEADER
fixed length control field 00726nam a22002057a 4500
005 - DATE AND TIME OF LATEST TRANSACTION
control field 20161020123606.0
010 ## - LCCN (DPL NO)
LC control number ENG-116238
020 ## - INTERNATIONAL STANDARD BOOK NUMBER
International Standard Book Number 9780199459698
Terms of availability 995.00
035 ## - SYSTEM CONTROL NUMBER
System control number EN-99770
037 ## - SOURCE OF ACQUISITION
Source of stock number/acquisition DBAD/PUB
082 ## - DEWEY DECIMAL CLASSIFICATION NUMBER
Classification number 350.488914
245 ## - TITLE STATEMENT
Title First citizens :
Remainder of title studies on adivasis, tribals, and indigenous peoples in India /
Statement of responsibility, etc edited by Meena Radhakrishna
260 ## - PUBLICATION, DISTRIBUTION, ETC. (IMPRINT)
Place of publication, distribution, etc New Delhi
Name of publisher, distributor, etc Oxford University Press
Date of publication, distribution, etc 2016
270 ## - ADDRESS
Address YMCA Library Building, 1 Jai Singh Road,
City New Delhi
Postal code 110001
300 ## - PHYSICAL DESCRIPTION
Extent viii,444p.
Dimensions 22cm(Hb)
490 ## - SERIES STATEMENT
Series statement Oxford India Studies in Contemporary Society
500 ## - GENERAL NOTE
General note Includes index
700 ## - ADDED ENTRY--PERSONAL NAME
Personal name Meena Radhakrishna
942 ## - ADDED ENTRY ELEMENTS (KOHA)
Source of classification or shelving scheme Dewey Decimal Classification
Item type English Books
Call number suffix FIR
Classification part 305.488914
Holdings
Withdrawn status Lost status Not for loan Collection code Home library Current library Date acquired Source of acquisition Cost, normal purchase price Full call number Barcode Copy number Cost, replacement price Koha item type
      Non-fiction Bawana Bawana 20/10/2016 DBAD/PUB 995.00 305.488914 FIR EN-99770 1 995.00 English Books

© Delhi Public Library
Hit Counter
free hit counter